A contrapelo / (Registro nro. 9684)
[ vista simple ]
| 000 -LIDER | |
|---|---|
| fixed length control field | 00774nam a22002657a 4500 |
| 001 - NÚMERO DE CONTROL | |
| Identificador de número de control | 00256 |
| 003 - IDENTIFICACDOR DE NÚMERO DE CONTROL | |
| control field | DO-SdBPM |
| 005 - DATE AND TIME OF LATEST TRANSACTION | |
| control field | 20250609120742.0 |
| 007 - CAMPOS FIJOS DE DESCRIPCIÓN FÍSICA | |
| fixed length control field | 00256 |
| 008 - ELEMENTOS DE LONGITUD FIJA | |
| fixed length control field | 160411b 2000 ||||| |||| 00| 0 spa d |
| 020 ## - ISBN | |
| International Standard Book Number | 8437604907 |
| 040 ## - FUENTE DE CATALOGACIÓN | |
| Enlace | DO-SdBPM |
| Campo enlazado y núm. de secuencia | spa |
| Agencia que crea de manera original el registro | BPMSU |
| Agencia que realiza la transcripción | |
| 082 #4 - NÚMERO DE CLASIFICACIÓN DECIMAL DE DEWEY | |
| Classification number | 843.8 |
| Item number | H988c 2000 |
| Edition number | 22 |
| 100 ## - ASIENTO PRINCIPAL -- NOMBRE PERSONAL | |
| Nombre personal | Huysmans, Joris-Karl |
| Fechas asociadas con el nombre | 1848-1907. |
| Títulos u otras palabras asociadas con el nombre | |
| 245 ## - MENCIÓN DE TITULO | |
| Título | A contrapelo / |
| Mención de responsabilidad | Joris-Karl Huymans ; edición y traducción de Juan Herrero. |
| 250 ## - MENCIÓN DE EDICION | |
| Mención de edición | 2a. ed. |
| 260 ## - PUBLICACIÓN, DISTRIBUCIÓN, ETC. (PIE DE IMPRENTA) | |
| Lugar de publicación, distribución, etc | Madrid : |
| Nombre del editor, distribuidor, etc. | Cátedra, |
| Fecha de publicación, distribución, etc | 2000 |
| 300 ## - DESCRIPCIÓN FÍSICA | |
| Extensión | 368 p. ; |
| Dimensiones | 20 cm. |
| 490 0# - MENCIÓN DE SERIES | |
| Mención de serie | Letras universales, |
| Volume/sequential designation | 17 |
| 590 ## - NOTA LOCAL | |
| Texto de la nota local | Inventariado, 2025/VM |
| 650 #4 - ENCABEZAMIENTO DE MATERIA--TEMÁTICO | |
| Término temático o nombre geográfico como elemento de entrada | Novela francesa |
| 700 1# - ASIENTO SECUNDARIO -- NOMBRE PERSONAL | |
| Nombre personal | Herrero, Juan |
| Mención de responsabilidad | traductor |
| 910 ## - VALIDACIÓN | |
| Validación | VMateo V. Control de calidad. BPMSU |
| 942 ## - ADDED ENTRY ELEMENTS (KOHA) | |
| Source of classification or shelving scheme | Dewey Decimal Classification |
| Koha item type | Libros |
| Withdrawn status | Lost status | Source of classification or shelving scheme | Damaged status | Not for loan | Collection code | Home library | Current library | Date acquired | Source of acquisition | Total Checkouts | Full call number | Barcode | Date last seen | Price effective from | Koha item type |
|---|---|---|---|---|---|---|---|---|---|---|---|---|---|---|---|
| Dewey Decimal Classification | Colección General | Biblioteca Pública Metropolitana Salomé Ureña | Biblioteca Pública Metropolitana Salomé Ureña | 04/11/2016 | FUNDI | BPMSU CG 843.8 H988c 2000 | BPMSU25060022 | 04/11/2016 | 04/11/2016 | Libros |